[Event "Challenge"]
[Site "http://www.queenalice.com/game.php?id=658667"]
[Date "2009.9.27"]
[Round "-"]
[White "nandobr"]
[Black "BrooklynBenjamin"]
[Result "0-1"]
[WhiteElo "1325"]
[BlackElo "1487"]

1. e4 c5 2. Qf3 Nc6 3. Bc4 e6 4. Nh3 Nf6 5. d3 g6 6. e5 Nxe5 7. Qf4 Neg4 8. f3
Nh6 9. O-O Bg7 10. Ng5 O-O 11. Be3 d5 12. Bb5 a6 13. Ba4 b5 14. Bxc5 bxa4 15. c4
Nh5 16. Qe4 dxe4 17. Bxf8 Bxf8 18. Nc3 Qxg5 19. Nxe4 Qe3+ 20. Nf2 Bc5 0-1

[Event "Challenge"]
[Site "http://www.queenalice.com/game.php?id=658669"]
[Date "2009.9.27"]
[Round "-"]
[White "nandobr"]
[Black "rodrigomni"]
[Result "0-1"]
[WhiteElo "1409"]
[BlackElo "1106"]

1. e4 e5 2. Qf3 Nf6 3. Bc4 Nc6 4. g4 g5 5. h4 Nd4 6. Qc3 Nxe4 7. Qa5 Nxc2+ 8.
Ke2 Nxa1 9. Qxe5+ Qe7 10. Qxh8 Nxf2+ 11. Kxf2 Qc5+ 12. d4 Qxc4 13. hxg5 Qxc1 0-1

[Event "Challenge"]
[Site "http://www.queenalice.com/game.php?id=658672"]
[Date "2009.9.27"]
[Round "-"]
[White "nandobr"]
[Black "WAGNER2004"]
[Result "0-1"]
[WhiteElo "1359"]
[BlackElo "1342"]

1. e4 e5 2. Qf3 Qe7 3. Nc3 Nc6 4. Nb5 Kd8 5. Qg4 Nb4 6. Kd1 Nf6 7. Qg3 Nxe4 8.
Qe3 d5 9. Nc3 Bf5 10. Nxe4 Bxe4 11. d3 Bg6 12. a3 Bh5+ 13. Be2 Na2 14. Bxh5 Nxc1
15. Kxc1 g6 16. Bg4 d4 17. Qe4 Bh6+ 18. Kd1 c6 19. c3 f5 20. Bxf5 gxf5 21. Qxf5
Rf8 22. Qg6 hxg6 23. cxd4 Qg5 24. Nf3 Rxf3 25. gxf3 Qd2# 0-1

[Event "Challenge"]
[Site "http://www.queenalice.com/game.php?id=666649"]
[Date "2009.10.13"]
[Round "-"]
[White "nandobr"]
[Black "Augustocampos"]
[Result "0-1"]
[WhiteElo "1359"]
[BlackElo "1205"]

1. e4 b5 2. Bxb5 a6 3. Bc4 Nf6 4. Qf3 Bb7 5. g4 Bxe4 6. Qf4 d5 7. g5 Nh5 8. Qe5
c6 9. d3 Nd7 10. Qc3 Bf5 11. Bb3 e5 0-1

[Event "Challenge"]
[Site "http://www.queenalice.com/game.php?id=666659"]
[Date "2009.10.13"]
[Round "-"]
[White "nandobr"]
[Black "italomachado"]
[Result "0-1"]
[WhiteElo "1333"]
[BlackElo "1479"]

1. e4 e5 2. Qf3 Nh6 3. Bc4 d6 4. d4 Bg4 5. Qb3 exd4 6. Qxb7 Nd7 7. Qd5 Nb6 8.
Qb5+ Bd7 9. Qb3 Rb8 10. Na3 Nd5 11. Qf3 Bg4 12. Qd3 Nb4 13. Qb3 Na6 14. Qa4+ Bd7
15. Qxa6 Ra8 16. c3 Bc8 17. Qc6+ Bd7 18. Qd5 c6 19. Qh5 d5 20. exd5 Bg4 21. Qe5+
Be7 22. Qxg7 Rg8 0-1

[Event "Challenge"]
[Site "http://www.queenalice.com/game.php?id=667047"]
[Date "2009.10.14"]
[Round "-"]
[White "nandobr"]
[Black "lavander"]
[Result "0-1"]
[WhiteElo "1275"]
[BlackElo "1189"]

1. e4 e6 2. Qf3 g6 3. Bc4 c6 4. d4 Qa5+ 5. c3 Qa4 6. b3 Qa5 7. b4 Qa4 8. Bf4 Qc2
9. Na3 Qb2 10. Rb1 Qxa3 11. Bc1 Qa4 12. Bb3 Qb5 13. c4 Qxb4+ 14. Bd2 Qa3 15. Bc1
Qb4+ 16. Bd2 Qa3 17. Qc3 h5 18. Bg5 f6 19. Bh4 Bb4 20. Qxb4 Qxb4+ 21. Kd1 Qc3
22. Ke2 Qxd4 23. Rd1 Qxe4+ 24. Kf1 Qxh4 25. Nf3 Qe4 26. Re1 Qd3+ 27. Re2 b5 28.
Bc2 Qxc4 29. g3 Qxa2 30. Bxg6+ Kf8 31. Rxa2 Kg7 32. Be4 f5 33. Bd3 Ne7 34. Kg2
Na6 35. Rha1 Nb4 36. Ra3 d5 37. Rxa7 Rxa7 38. Rxa7 Nxd3 39. Rxe7+ Kf8 40. Rc7
Ba6 41. Rxc6 Bb7 42. Rxe6 b4 43. Nd2 Kf7 0-1

[Event "Challenge"]
[Site "http://www.queenalice.com/game.php?id=683592"]
[Date "2009.11.15"]
[Round "-"]
[White "nandobr"]
[Black "Rodrigo_Lins"]
[Result "1-0"]
[WhiteElo "1323"]
[BlackElo "901"]

1. e4 c5 2. Qf3 d6 3. Bc4 e6 4. a3 Nc6 5. Nc3 Nf6 6. b4 cxb4 7. axb4 Nxb4 8. Rb1
Nxc2+ 9. Kd1 Nd4 10. Qd3 e5 11. Nd5 Nxd5 12. Bxd5 Rb8 13. Nf3 Nxf3 14. Qxf3 Be6
15. Rxb7 Bxd5 16. Rxb8 Qxb8 17. exd5 Be7 18. Re1 O-O 19. Re4 Qb5 20. Rg4 Rc8 21.
Qf5 Qb3+ 22. Ke1 Rxc1+ 23. Ke2 Qb5+ 24. Kf3 Qxd5+ 25. Qe4 Qxe4+ 26. Kxe4 Rc4+
27. Kf3 Rxg4 28. Kxg4 a5 29. Kf3 a4 30. Ke2 a3 31. Kd1 1-0

[Event "Challenge"]
[Site "http://www.queenalice.com/game.php?id=687923"]
[Date "2009.11.24"]
[Round "-"]
[White "nandobr"]
[Black "FENIX_RJ"]
[Result "0-1"]
[WhiteElo "1315"]
[BlackElo "1429"]

1. e4 e5 2. Nc3 Nf6 3. Nd5 Nxe4 4. Qf3 Qh4 5. Nxc7+ Kd8 6. Nxa8 Bc5 7. Nh3 d5 8.
g3 Bxf2+ 9. Nxf2 Qg5 10. d3 Qf6 11. Qe3 Nxf2 12. Qxf2 Qg6 13. Qxa7 Nc6 14. Qb6+
Kd7 15. Bh3+ f5 16. Be3 d4 17. Qc7+ Ke6 18. Bd2 Qh5 19. Qxg7 Re8 0-1

[Event "Challenge"]
[Site "http://www.queenalice.com/game.php?id=736870"]
[Date "2010.2.24"]
[Round "-"]
[White "Petrucio"]
[Black "nandobr"]
[Result "1-0"]
[WhiteElo "1395"]
[BlackElo "1304"]

1. Nh3 e5 2. e4 Qf6 3. Bc4 Bc5 4. g4 Qh4 5. Qf3 Nf6 6. g5 Nxe4 7. Qxf7+ Kd8 8.
Qxg7 Bxf2+ 9. Ke2 Re8 10. d3 Qg4+ 11. Kf1 Qxh3+ 12. Ke2 1-0

[Event "Challenge"]
[Site "http://www.queenalice.com/game.php?id=778289"]
[Date "2010.5.20"]
[Round "-"]
[White "nandobr"]
[Black "Givanildo"]
[Result "0-1"]
[WhiteElo "1281"]
[BlackElo "1531"]

1. e4 e5 2. Bc4 c6 3. Qf3 Nh6 4. d4 exd4 5. Bxh6 Qf6 6. e5 Qxf3 7. Nxf3 gxh6 8.
Nxd4 d5 9. Bb3 Nd7 10. c4 c5 11. Nb5 Kd8 12. Nd6 Bxd6 13. exd6 d4 0-1